Documentación legal relativa a la creación del Patronato del Real Monasterio de Poblet y a la restauración y conservación del monumento : (1930-1973) / Patronato del Real Monasterio de Poblet (1930-1973) / Patronato del Real Monasterio de Poblet
Descripción Física:
52 p. ; 22 cm
MARC
| LEADER | 00000nam a2200000Ia 4500 | ||
|---|---|---|---|
| 001 | 1838 | ||
| 008 | 160829s1975 xx 000 0 cat d | ||
| 080 | |a B-1-376 | ||
| 110 | 2 | |a Patronat del Reial Monestir de Poblet |9 54059 | |
| 245 | |a Documentación legal relativa a la creación del Patronato del Real Monasterio de Poblet y a la restauración y conservación del monumento : |b (1930-1973) / Patronato del Real Monasterio de Poblet | ||
| 260 | |a Tarragona : |b [el Patronat], |c 1975 | ||
| 300 | |a 52 p. ; |c 22 cm | ||
| 590 | |a Separata de la Memoria del Patronato de Poblet, años 1971-1973 | ||
| 610 | 2 | 0 | |a Patronat del Reial Monestir de Poblet |9 54059 |
| 650 | |a Monestir de Santa Maria de Poblet |x Conservació i restauració |9 32334 | ||
| 901 | |a Arxiu | ||
| 942 | |n 1 | ||
| 952 | |0 0 |1 0 |4 0 |6 B1376 |7 1 |9 45948 |a Arxiu |b Arxiu |d 2016-12-01 |l 0 |o B-1-376 |p 1838 |r 2016-12-01 00:00:00 |w 2016-12-01 |y ARXIU | ||
| 999 | |c 49449 |d 49449 | ||